[Event "Trophée Roza Lallemand 2015"]
[Site "SAINT JACUT DE LA MER"]
[Date "2015.06.13"]
[Round "1.1"]
[White "Toure, Shanthi"]
[Black "Milliet, Sophie"]
[Result "0-1"]
[WhiteElo "1850"]
[BlackElo "2610"]
[PlyCount "34"]
[EventDate "2015.??.??"]

1. e4 c5 2. Nc3 Nc6 3. f4 g6 4. Nf3 Bg7 5. Bc4 e6 6. d3 Nge7 7. O-O d5 8. Bb3
O-O 9. Qe1 Na5 10. Qg3 c4 11. dxc4 dxc4 12. Ba4 a6 13. Nh4 b5 14. f5 exf5 15.
Bf4 bxa4 16. Kh1 Qb6 17. Nxa4 Qb5 0-1

[Event "Trophée Roza Lallemand 2015"]
[Site "SAINT JACUT DE LA MER"]
[Date "2015.06.13"]
[Round "1.2"]
[White "Leconte, Maria"]
[Black "Thomas, Anysia"]
[Result "1/2-1/2"]
[WhiteElo "2430"]
[BlackElo "1830"]
[PlyCount "63"]
[EventDate "2015.??.??"]

1. d4 g6 2. e4 c6 3. Nc3 d5 4. h3 Bg7 5. Nf3 Nf6 6. e5 Ne4 7. Bd3 Nxc3 8. bxc3
c5 9. O-O c4 10. Be2 O-O 11. Be3 Nc6 12. Qd2 f6 13. Bh6 Qc7 14. Bxg7 Kxg7 15.
Rfe1 Bf5 16. exf6+ exf6 17. Nh4 Bd7 18. f4 Rae8 19. Bf3 Qd6 20. g4 g5 21. Ng2
h6 22. Rxe8 Rxe8 23. Re1 Rxe1+ 24. Qxe1 h5 25. fxg5 fxg5 26. Qe3 Kf6 27. gxh5
Bxh3 28. Bxd5 Qxd5 29. Qxh3 Qe4 30. h6 Qh7 31. Ne3 Kg6 32. Qf5+ 1/2-1/2

[Event "Trophée Roza Lallemand 2015"]
[Site "SAINT JACUT DE LA MER"]
[Date "2015.06.13"]
[Round "1.4"]
[White "Monpeurt, Cyrielle"]
[Black "Aubert, Estee"]
[Result "1-0"]
[WhiteElo "2370"]
[BlackElo "1810"]
[PlyCount "48"]
[EventDate "2015.??.??"]

1. e4 e5 2. Nf3 Nc6 3. Bb5 Nf6 4. O-O a6 5. Bxc6 dxc6 6. Nxe5 Nxe4 7. Qe2 Qd5
8. Nf3 Be6 9. d3 Nf6 10. Nc3 Qh5 11. Bf4 O-O-O 12. Qe3 Kb8 13. Ng5 Bd5 14. Qg3
Rd7 15. Rae1 h6 16. Nge4 Bxe4 17. dxe4 g5 18. Be5 Qg6 19. Rd1 Bg7 20. Rxd7 Nxd7
21. Bxc7+ Kc8 22. Rd1 Nf6 23. Bb6 Nd5 24. Nxd5 Be5 1-0

[Event "Trophée Roza Lallemand 2015"]
[Site "SAINT JACUT DE LA MER"]
[Date "2015.06.13"]
[Round "1.5"]
[White "Mars, F 1810."]
[Black "Navrotescu, A 2370."]
[Result "0-1"]
[WhiteElo "1810"]
[BlackElo "2370"]
[PlyCount "57"]
[EventDate "2015.??.??"]

1. d4 d5 2. c4 Nf6 3. Nc3 e6 4. cxd5 exd5 5. Bg5 Be6 6. e3 Nc6 7. Bd3 Be7 8.
Nf3 Qd7 9. O-O O-O 10. a3 a6 11. Qc2 Bg4 12. Ne5 Nxe5 13. dxe5 Ne4 14. Bf4 Bf5
15. f3 Nxc3 16. Bxf5 Ne2+ 17. Kh1 Qb5 18. Bxh7+ Kh8 19. Bd3 Qc5 20. Qxe2 d4 21.
Rac1 Qb6 22. exd4 Qxd4 23. Rc4 Qb6 24. Qe4 g6 25. Be3 Qxb2 26. Bd4 Qxa3 27. e6+
f6 28. Qxg6 Qxd3 29. Qxd3 0-1

[Event "Trophée Roza Lallemand 2015"]
[Site "SAINT JACUT DE LA MER"]
[Date "2015.06.13"]
[Round "1.6"]
[White "Soubirou, Oriane"]
[Black "Le Du, Maelle"]
[Result "1-0"]
[WhiteElo "2220"]
[BlackElo "1750"]
[PlyCount "102"]
[EventDate "2015.??.??"]

1. d4 e6 2. Nf3 Nf6 3. e3 c5 4. c3 b6 5. Bd3 Bb7 6. O-O Be7 7. Nbd2 cxd4 8.
exd4 O-O 9. Qe2 d6 10. Re1 Nbd7 11. Nf1 Re8 12. Ng3 a6 13. Bf4 Nf8 14. Rad1 b5
15. Bg5 Ng6 16. Bb1 Rc8 17. h4 Nf8 18. h5 Nxh5 19. Bxe7 Nxg3 20. Bxd8 Nxe2+ 21.
Rxe2 Rexd8 22. Nd2 a5 23. Bd3 Bc6 24. Nb3 Ra8 25. a3 Ng6 26. c4 Nf4 27. Be4
Nxe2+ 28. Kf1 Ng3+ 29. fxg3 Bxe4 30. Nd2 Bd3+ 31. Kf2 bxc4 32. Ke3 d5 33. Rc1
a4 34. Nf3 Rab8 35. Ne5 Rxb2 36. Nxd3 cxd3 37. Kxd3 Rb3+ 38. Rc3 Rxc3+ 39. Kxc3
Rb8 40. g4 Kf8 41. g5 Ke7 42. g3 Kd6 43. g4 Rb3+ 44. Kd2 Rxa3 45. Kc2 Kc6 46.
Kb2 Rg3 47. Ka2 Kb5 48. Kb2 Kb4 49. Ka2 Rg2+ 50. Kb1 Kb3 51. Kc1 a3 1-0

[Event "Trophée Roza Lallemand 2015"]
[Site "SAINT JACUT DE LA MER"]
[Date "2015.06.13"]
[Round "1.7"]
[White "Soissong, Elzbieta"]
[Black "Roumegous, Marina"]
[Result "1-0"]
[WhiteElo "1740"]
[BlackElo "2190"]
[PlyCount "31"]
[EventDate "2015.??.??"]

1. d4 d5 2. c4 e6 3. Nc3 Nf6 4. Bg5 Be7 5. e3 b6 6. cxd5 Nxd5 7. Bxe7 Nxe7 8.
Nf3 Bb7 9. Bb5+ c6 10. Bd3 O-O 11. Bxh7+ Kxh7 12. Ng5+ Kg6 13. Qg4 f5 14. Qg3
f4 15. Qg4 Kh6 16. Nxe6 1-0

[Event "Trophée Roza Lallemand 2015"]
[Site "SAINT JACUT DE LA MER"]
[Date "2015.06.13"]
[Round "1.8"]
[White "Dacalor, A 2120."]
[Black "Assouvie, Liliane"]
[Result "0-1"]
[WhiteElo "2120"]
[BlackElo "1720"]
[PlyCount "38"]
[EventDate "2015.??.??"]

1. e4 c5 2. c3 d5 3. exd5 Qxd5 4. d4 Nf6 5. Nf3 Bg4 6. Be2 e6 7. O-O Nc6 8. Bf4
Be7 9. Na3 O-O 10. Nc4 Bxf3 11. gxf3 cxd4 12. Qc2 dxc3 13. bxc3 e5 14. Rfd1 Qe6
15. Be3 e4 16. Rab1 exf3 17. Bf1 Qg4+ 18. Kh1 Qh4 19. Nd2 Ne5 0-1

[Event "Trophée Roza Lallemand 2015"]
[Site "SAINT JACUT DE LA MER"]
[Date "2015.06.13"]
[Round "2.1"]
[White "Milliet, Sophie"]
[Black "Fischer, Julie"]
[Result "1-0"]
[WhiteElo "2610"]
[BlackElo "1990"]
[PlyCount "89"]
[EventDate "2015.??.??"]

1. e4 d5 2. exd5 Qxd5 3. Nc3 Qd6 4. d4 Nf6 5. Nf3 g6 6. Nb5 Qb6 7. Be2 c6 8.
Na3 Bg7 9. O-O O-O 10. Nc4 Qc7 11. Nce5 Nbd7 12. Re1 Nxe5 13. Nxe5 Nd7 14. Nf3
e5 15. c3 exd4 16. Nxd4 a6 17. Be3 c5 18. Nf3 b6 19. Qd2 Bb7 20. Rad1 Ne5 21.
Qd6 Nxf3+ 22. Bxf3 Qxd6 23. Rxd6 Bxf3 24. gxf3 Rab8 25. Bf4 Rb7 26. Red1 h5 27.
Rc6 Re8 28. Kf1 b5 29. Rxa6 b4 30. c4 Bxb2 31. Be3 Rc7 32. Rd5 Rec8 33. Ke2 Kg7
34. Kd3 Bd4 35. Bxd4+ cxd4 36. Rxd4 Rb7 37. Kc2 Rcb8 38. Kb3 Kf8 39. c5 Ke7 40.
c6 Rc7 41. Rxb4 Rxb4+ 42. Kxb4 Kd6 43. Kb5 Rc8 44. Rb6 Ra8 45. a4 1-0

[Event "Trophée Roza Lallemand 2015"]
[Site "SAINT JACUT DE LA MER"]
[Date "2015.06.13"]
[Round "2.2"]
[White "Wohlers-A, Friederike"]
[Black "Leconte, Maria"]
[Result "1-0"]
[WhiteElo "2010"]
[BlackElo "2430"]
[PlyCount "71"]
[EventDate "2015.??.??"]

1. d4 Nf6 2. c4 e6 3. Nc3 Bb4 4. a3 Bxc3+ 5. bxc3 c5 6. e3 b6 7. Bd3 Nc6 8. Ne2
O-O 9. Ng3 d6 10. O-O e5 11. f3 Ba6 12. Ra2 Na5 13. e4 Ne8 14. Qe2 Rc8 15. d5
g6 16. f4 Qh4 17. Bd2 Qe7 18. f5 f6 19. h4 Ng7 20. Bh6 Qd7 21. a4 Rf7 22. Rf2
Kh8 23. Qf1 Rcf8 24. Rf3 Qe7 25. fxg6 hxg6 26. h5 g5 27. Bxg7+ Rxg7 28. Nf5 Qd7
29. Nxg7 Kxg7 30. Raf2 Qe7 31. h6+ Kxh6 32. Rxf6+ Rxf6 33. Rxf6+ Kg7 34. Re6
Qd8 35. Qf5 Bc8 36. Qg6+ 1-0

[Event "Trophée Roza Lallemand 2015"]
[Site "SAINT JACUT DE LA MER"]
[Date "2015.06.13"]
[Round "2.3"]
[White "Collas, Silvia"]
[Black "Pokee, Anne"]
[Result "1-0"]
[WhiteElo "2410"]
[BlackElo "1970"]
[PlyCount "45"]
[EventDate "2015.??.??"]

1. c4 e5 2. Nc3 Nf6 3. Nf3 c6 4. Nxe5 d5 5. cxd5 cxd5 6. d4 Bd6 7. Bg5 O-O 8.
e3 Qb6 9. Qb3 Qxb3 10. axb3 Bxe5 11. dxe5 Ne4 12. Be7 Re8 13. Nxd5 Be6 14. Nc7
Rxe7 15. Nxa8 Bxb3 16. Rxa7 Nc6 17. Ra3 Be6 18. Nb6 g6 19. f3 Nb4 20. fxe4 Nc2+
21. Kd2 Nxa3 22. bxa3 Rc7 23. Bd3 1-0

[Event "Trophée Roza Lallemand 2015"]
[Site "SAINT JACUT DE LA MER"]
[Date "2015.06.13"]
[Round "2.4"]
[White "Afraoui, Anaelle"]
[Black "Monpeurt, Cyrielle"]
[Result "0-1"]
[WhiteElo "1960"]
[BlackElo "2370"]
[PlyCount "108"]
[EventDate "2015.??.??"]

1. e4 c5 2. Nf3 Nc6 3. d4 cxd4 4. Nxd4 Nf6 5. Nc3 e6 6. Be2 Bb4 7. Be3 Nxe4 8.
Qd3 Nxc3 9. bxc3 Ba5 10. O-O O-O 11. Rad1 d5 12. c4 Qf6 13. cxd5 exd5 14. Nxc6
bxc6 15. Bd4 Qg6 16. Qf3 Bf5 17. Bd3 Bxd3 18. Rxd3 Rfe8 19. Qh3 f6 20. Rg3 Qf7
21. Qf5 Re6 22. h4 Rae8 23. h5 Re1 24. Rxe1 Rxe1+ 25. Kh2 Bc7 26. f4 Re4 27.
Qc8+ Re8 28. Qf5 Bd8 29. Qg4 Re4 30. Bb2 Bc7 31. Qc8+ Re8 32. Qg4 c5 33. Ba3
Bd6 34. Qf5 Re4 35. Bc1 Re8 36. Ba3 Kh8 37. Bb2 d4 38. Ba3 Qc7 39. Bc1 Rf8 40.
Bd2 Qe7 41. Qg4 Qf7 42. c3 Re8 43. cxd4 cxd4 44. Rd3 Bc5 45. Qf5 Bb6 46. Rg3
Qxa2 47. h6 Qe6 48. hxg7+ Kg8 49. Qh5 Re7 50. Qh6 Rf7 51. Bb4 Qd7 52. Bf8 d3
53. Rh3 Qf5 54. Re3 Bxe3 0-1

[Event "Trophée Roza Lallemand 2015"]
[Site "SAINT JACUT DE LA MER"]
[Date "2015.06.13"]
[Round "2.5"]
[White "Navrotescu, Andreea"]
[Black "Aubert, Laurane"]
[Result "0-1"]
[WhiteElo "2370"]
[BlackElo "1930"]
[PlyCount "114"]
[EventDate "2015.??.??"]

1. e3 e5 2. c4 Nf6 3. Nc3 Be7 4. Nf3 d6 5. Qc2 c6 6. d4 Qc7 7. Be2 Bg4 8. O-O
Nbd7 9. b3 O-O 10. Ba3 Rfe8 11. Rad1 Rac8 12. Rd2 Qa5 13. dxe5 Qxa3 14. exf6
Nxf6 15. Rfd1 Bf8 16. Ng5 Bxe2 17. Rxe2 h6 18. Nge4 Nxe4 19. Nxe4 Rcd8 20. Nc3
Qc5 21. Red2 Qe5 22. Rd4 Re6 23. Re4 Qf5 24. Qd3 Rde8 25. Rf4 Qxd3 26. Rxd3 g6
27. Rfd4 f5 28. Ne2 g5 29. g3 Kf7 30. Nc3 Bg7 31. Kf1 Bxd4 32. Rxd4 Rd8 33. Ke2
a6 34. a4 Ke7 35. h4 Kf6 36. f4 Re7 37. Kf3 g4+ 38. Ke2 Re6 39. Kd3 Rde8 40.
Nd1 Ke7 41. Kc3 Kd7 42. b4 Re4 43. Rd3 Rc8 44. Nf2 Re6 45. c5 d5 46. Kd4 a5 47.
Rb3 axb4 48. Rxb4 Kc7 49. Nd3 Re4+ 50. Kc3 Rxe3 51. Kd2 Rxg3 52. Ne5 Re8 53.
Rb1 Ra3 54. Rb4 Ra2+ 55. Ke3 Rh2 56. Kd4 Rxh4 57. Rb2 Rh1 0-1

[Event "Trophée Roza Lallemand 2015"]
[Site "SAINT JACUT DE LA MER"]
[Date "2015.06.13"]
[Round "2.6"]
[White "Bellahcene, Meriem"]
[Black "Soubirou, Oriane"]
[Result "0-1"]
[WhiteElo "1900"]
[BlackElo "2220"]
[PlyCount "73"]
[EventDate "2015.??.??"]

1. d4 Nf6 2. Bg5 Ne4 3. Bf4 g6 4. f3 Nf6 5. e4 Bg7 6. Nc3 d6 7. Qd2 O-O 8. h4
c5 9. d5 Nh5 10. Bh2 f5 11. exf5 gxf5 12. Nge2 Nd7 13. g4 fxg4 14. fxg4 Nhf6
15. Rg1 Ne8 16. O-O-O Nc7 17. Bg2 b5 18. g5 b4 19. Ne4 Nb6 20. c3 Nc4 21. Qd3
Ba6 22. Qg3 Be5 23. Qh3 Bc8 24. Qd3 Bxh2 25. Rh1 Nxb2 26. Kxb2 bxc3+ 27. N2xc3
Be5 28. g6 Rb8+ 29. Kc2 hxg6 30. Bh3 Ba6 31. Nf6+ exf6 32. Qxg6+ Kh8 33. Qh6+
Kg8 34. Rhg1+ Kf7 35. Qh5+ Ke7 36. Rg7+ Rf7 37. Qxf7# 0-1

[Event "Trophée Roza Lallemand 2015"]
[Site "SAINT JACUT DE LA MER"]
[Date "2015.06.13"]
[Round "2.7"]
[White "Roumegous, Marina"]
[Black "Seite, Yamina"]
[Result "1-0"]
[WhiteElo "2190"]
[BlackElo "1900"]
[PlyCount "79"]
[EventDate "2015.??.??"]

1. c4 e5 2. g3 Nf6 3. Bg2 d6 4. Nc3 Nc6 5. e4 g6 6. Nge2 Be6 7. Nd5 Bg7 8. d3
O-O 9. Bg5 h6 10. Nxf6+ Bxf6 11. Bxh6 Bg7 12. Qd2 a6 13. h4 f6 14. Be3 Qe8 15.
Bf3 Bf7 16. g4 Ne7 17. h5 g5 18. h6 Bh8 19. h7+ Kg7 20. Ng3 Bg6 21. Nf5+ Kf7
22. c5 Ke6 23. cxd6 cxd6 24. Qb4 Qb8 25. d4 Kd7 26. dxe5 Nc6 27. Qxd6+ Qxd6 28.
exd6 Ne5 29. Be2 Rf7 30. Rc1 Nc6 31. Rh6 Bxh7 32. Bc4 Bxf5 33. Bxf7 Bxe4 34.
Bc5 Bg7 35. Rh3 Ne5 36. Bb4 Nxf7 37. Rc7+ Ke6 38. Re7+ Kd5 39. Rxf7 Rg8 40. d7
1-0

[Event "Trophée Roza Lallemand 2015"]
[Site "SAINT JACUT DE LA MER"]
[Date "2015.06.13"]
[Round "3.1"]
[White "Roumegous, Marina"]
[Black "Milliet, Sophie"]
[Result "0-1"]
[WhiteElo "2190"]
[BlackElo "2610"]
[PlyCount "142"]
[EventDate "2015.??.??"]

1. d4 Nf6 2. Nf3 c5 3. c3 d5 4. Bf4 Nc6 5. e3 Nh5 6. Bg3 Qb6 7. Qb3 g6 8. Nbd2
Bg7 9. Be2 Nxg3 10. hxg3 c4 11. Qxb6 axb6 12. O-O b5 13. a3 Bf5 14. Ne1 b4 15.
e4 dxe4 16. Nxc4 bxc3 17. bxc3 O-O 18. Nc2 Na5 19. Nb6 Rad8 20. g4 Be6 21. Ne3
Rd6 22. Na4 Nb3 23. Rad1 Ra8 24. Nb2 Rdd8 25. a4 Na5 26. Rd2 Bb3 27. Bd1 Rac8
28. Bc2 Bxc2 29. Rxc2 e6 30. Rd1 f5 31. gxf5 gxf5 32. g3 Bh6 33. c4 Kf7 34. d5
Bxe3 35. fxe3 exd5 36. Rcd2 Nxc4 37. Nxc4 Rxc4 38. Rxd5 Rxd5 39. Rxd5 Kg6 40.
Rb5 Rxa4 41. Rxb7 Ra2 42. Rb5 Kg5 43. Rb7 Kg4 44. Rf7 Kxg3 45. Kf1 Kf3 46.
Rxf5+ Kxe3 47. Rh5 Ra1+ 48. Kg2 Ra7 49. Kf1 Kf3 50. Rf5+ Kg4 51. Rf8 h5 52. Re8
Kf3 53. Rf8+ Ke3 54. Rh8 Ra5 55. Rh7 Rf5+ 56. Ke1 Kf3 57. Rh8 Ra5 58. Rf8+ Ke3
59. Kf1 Ra1+ 60. Kg2 Ra2+ 61. Kf1 Ra5 62. Rf7 h4 63. Rh7 Kf3 64. Rf7+ Kg4 65.
Re7 Kf4 66. Rf7+ Rf5 67. Rh7 Kg3+ 68. Ke2 h3 69. Rg7+ Kh4 70. Ke3 h2 71. Rh7+
Rh5 0-1

[Event "Trophée Roza Lallemand 2015"]
[Site "SAINT JACUT DE LA MER"]
[Date "2015.06.13"]
[Round "3.2"]
[White "Dacalor, Aurelie"]
[Black "Collas, Silvia"]
[Result "0-1"]
[WhiteElo "2120"]
[BlackElo "2410"]
[PlyCount "55"]
[EventDate "2015.??.??"]

1. d4 Nf6 2. c4 e5 3. e3 Bb4+ 4. Bd2 Bxd2+ 5. Qxd2 d6 6. Nc3 Nbd7 7. Bd3 O-O 8.
Nge2 Re8 9. O-O c6 10. Ng3 Nf8 11. Rfd1 Qc7 12. Rac1 a6 13. b4 g6 14. a4 a5 15.
b5 Qe7 16. Qb2 h5 17. Nge2 e4 18. Bb1 h4 19. Rd2 N8h7 20. Nd1 Ng5 21. Nf4 h3
22. Kf1 hxg2+ 23. Kxg2 Nf3 24. Rdc2 Nh5 25. Kf1 Nxh2+ 26. Ke2 Nf3 27. Nc3 Bg4
28. Rg1 0-1

[Event "Trophée Roza Lallemand 2015"]
[Site "SAINT JACUT DE LA MER"]
[Date "2015.06.13"]
[Round "3.3"]
[White "Monpeurt, Cyrielle"]
[Black "Chung, Mathilde"]
[Result "0-1"]
[WhiteElo "2370"]
[BlackElo "2050"]
[PlyCount "60"]
[EventDate "2015.??.??"]

1. e4 c5 2. Nf3 Nc6 3. d4 cxd4 4. Nxd4 Qb6 5. Nb3 Nf6 6. Nc3 e6 7. Be3 Qc7 8.
Bd3 a6 9. O-O b5 10. f4 d6 11. Kh1 h5 12. Qf3 Bb7 13. f5 Ne5 14. Qf4 Be7 15.
Nd4 Qd7 16. Rad1 Nxd3 17. fxe6 fxe6 18. Qg5 Ne5 19. Bf4 Nxe4 20. Qxg7 Bf6 21.
Qxd7+ Kxd7 22. Bxe5 Bxe5 23. Rf7+ Ke8 24. Rxb7 Nf2+ 25. Kg1 Nxd1 26. Nxe6 Nxc3
27. Nc7+ Kd8 28. Nxa8 Nd5 29. Ra7 Bd4+ 30. Kf1 Bxa7 0-1

[Event "Trophée Roza Lallemand 2015"]
[Site "SAINT JACUT DE LA MER"]
[Date "2015.06.13"]
[Round "3.4"]
[White "Penalver, Marion"]
[Black "Navrotescu, Andreea"]
[Result "0-1"]
[WhiteElo "2070"]
[BlackElo "2370"]
[PlyCount "60"]
[EventDate "2015.??.??"]

1. e4 c5 2. Nf3 e6 3. d4 cxd4 4. Nxd4 a6 5. Nc3 Qc7 6. Be3 Bb4 7. Qd2 Nf6 8. f3
d5 9. Bd3 dxe4 10. fxe4 Ng4 11. Bg1 O-O 12. a3 Bxc3 13. Qxc3 Qxc3+ 14. bxc3 Nd7
15. Ke2 Nc5 16. h3 Nf6 17. Ke3 e5 18. Nf3 Nfd7 19. Bh2 f6 20. Rhd1 b5 21. c4
Nxd3 22. cxd3 bxc4 23. dxc4 Nb6 24. Rac1 Be6 25. Rd6 Nxc4+ 26. Rxc4 Bxc4 27.
Nd2 Bb5 28. Kf3 Rfd8 29. Rxd8+ Rxd8 30. Nf1 Bxf1 0-1

[Event "Trophée Roza Lallemand 2015"]
[Site "SAINT JACUT DE LA MER"]
[Date "2015.06.13"]
[Round "3.5"]
[White "Saliou, Sarah"]
[Black "Rollot, Florence"]
[Result "0-1"]
[WhiteElo "1870"]
[BlackElo "1850"]
[PlyCount "78"]
[EventDate "2015.??.??"]

1. c4 Nf6 2. Nc3 c5 3. Nf3 Nc6 4. d4 cxd4 5. Nxd4 g6 6. e4 d6 7. Nc2 Bg7 8. Be2
O-O 9. O-O a6 10. Be3 Be6 11. b3 Nd7 12. Qd2 Qa5 13. Nd4 Nc5 14. Rac1 Nxd4 15.
Bxd4 Nxe4 16. Nxe4 Qxd2 17. Nxd2 Bxd4 18. Bf3 Rab8 19. Ne4 Bf5 20. Rfe1 Rfe8
21. Rcd1 Be5 22. Ng3 Be6 23. Rd3 b5 24. c5 Bxg3 25. hxg3 dxc5 26. Red1 c4 27.
bxc4 Bxc4 28. R3d2 Kg7 29. Bd5 Rec8 30. Bxc4 Rxc4 31. Rd7 Kf6 32. Ra7 Rb6 33.
Rdd7 Re6 34. Rd3 Ra4 35. a3 Rc4 36. Rf3+ Kg7 37. Rd3 Rc5 38. Rf3 Re1+ 39. Kh2
Rh5# 0-1

[Event "Trophée Roza Lallemand 2015"]
[Site "SAINT JACUT DE LA MER"]
[Date "2015.06.13"]
[Round "3.6"]
[White "Soubirou, Oriane"]
[Black "Wohlers-Armas, Friederike"]
[Result "1/2-1/2"]
[WhiteElo "2220"]
[BlackElo "2010"]
[PlyCount "45"]
[EventDate "2015.??.??"]

1. e3 a6 2. c4 Nf6 3. b3 e6 4. Bb2 Be7 5. f4 O-O 6. Nf3 d5 7. cxd5 Nxd5 8. Be2
b5 9. O-O Bb7 10. Nc3 Bf6 11. Ne5 Nd7 12. Nxd5 Bxd5 13. Bf3 Nxe5 14. fxe5 Bxf3
15. Qxf3 Be7 16. Rad1 Qd5 17. Qg4 Qd3 18. Bc3 Rad8 19. Rf3 Qe2 20. Rdf1 b4 21.
R1f2 Qe1+ 22. Rf1 Qe2 23. R1f2 1/2-1/2

[Event "Trophée Roza Lallemand 2015"]
[Site "SAINT JACUT DE LA MER"]
[Date "2015.06.13"]
[Round "3.7"]
[White "Leconte, Maria"]
[Black "Genzling, Sylvie"]
[Result "1-0"]
[WhiteElo "2430"]
[BlackElo "2070"]
[PlyCount "83"]
[EventDate "2015.??.??"]

1. e4 c6 2. d4 g6 3. c3 d5 4. e5 Bg7 5. Bd3 Nh6 6. Nf3 f6 7. exf6 exf6 8. O-O
O-O 9. c4 Nf7 10. Nc3 Bg4 11. cxd5 f5 12. Be2 cxd5 13. Qb3 Bxf3 14. Bxf3 Qb6
15. Nxd5 Qxb3 16. axb3 Nc6 17. Nc7 Rac8 18. Ne6 Nxd4 19. Nxf8 Nxf3+ 20. gxf3
Kxf8 21. Rxa7 Ne5 22. Kg2 Nd3 23. Be3 Rc7 24. Rd1 Rd7 25. Rxd3 Rxd3 26. Rxb7
Bxb2 27. b4 h5 28. b5 Be5 29. b6 Rd5 30. Bg5 Rb5 31. Bd8 Rb2 32. Bc7 Bd4 33.
Kg3 Bxf2+ 34. Kf4 Bh4 35. Ke5 Re2+ 36. Kd5 Rd2+ 37. Ke6 Rc2 38. Rb8+ Kg7 39.
Be5+ Kh6 40. Rh8+ Kg5 41. b7 Rc6+ 42. Kd5 1-0

[Event "Trophée Roza Lallemand 2015"]
[Site "SAINT JACUT DE LA MER"]
[Date "2015.06.13"]
[Round "3.8"]
[White "Fruteau, S 2030."]
[Black "Thomas, A 1830."]
[Result "1-0"]
[WhiteElo "2030"]
[BlackElo "1830"]
[PlyCount "94"]
[EventDate "2015.??.??"]

1. d4 d5 2. Nf3 e6 3. Bf4 Nf6 4. e3 c5 5. c3 Nc6 6. Nbd2 Be7 7. h3 O-O 8. Bd3
c4 9. Bc2 b5 10. O-O b4 $146 11. e4 Ne8 12. e5 f5 13. exf6 Nxf6 14. Bh2 Qa5 15.
Ne5 Bb7 16. cxb4 Nxb4 17. Bb1 Nc6 18. Ndf3 Qb6 19. Nxc6 Bxc6 20. Qe2 Bb5 21. a4
Ba6 22. Re1 Bc8 23. a5 Qa6 24. Ng5 Bb4 25. Rc1 Qc6 26. Be5 h6 27. Nf3 Bd7 28.
Nh4 Be8 29. Ng6 Bxg6 30. Bxg6 Bd6 31. Bc2 Bxe5 32. Qxe5 Nd7 33. Qh5 Rf6 34. Ra3
Raf8 35. f3 Qd6 36. Qh4 Rf4 37. Qg3 Qe7 38. Re1 Qf6 39. Kh2 Rxd4 40. Rae3 e5
41. Ba4 Nc5 42. Bc6 Nd3 43. Rd1 Qxc6 44. Rxe5 Nxe5 45. Rxd4 Nd3 46. Qg4 Qd6+
47. g3 Qe5 1-0

[Event "Trophée Roza Lallemand 2015"]
[Site "SAINT JACUT DE LA MER"]
[Date "2015.06.13"]
[Round "4.1"]
[White "Milliet, Sophie"]
[Black "Navrotescu, Andreea"]
[Result "0-1"]
[WhiteElo "2610"]
[BlackElo "2370"]
[PlyCount "62"]
[EventDate "2015.??.??"]

1. e4 c5 2. Nf3 e6 3. d4 cxd4 4. Nxd4 a6 5. c4 Nf6 6. Nc3 Bb4 7. Qd3 Nc6 8.
Nxc6 dxc6 9. Qxd8+ Kxd8 10. e5 Nd7 11. Bf4 f5 12. h4 Bxc3+ 13. bxc3 c5 14. h5
h6 15. Rh3 Ke7 16. Rg3 Kf7 17. O-O-O b6 18. Rd6 Ra7 19. Rgd3 Rc7 20. g4 fxg4
21. Be2 Re8 22. Bxg4 Re7 23. Bg3 Bb7 24. f4 Nf8 25. Rxb6 Red7 26. Rdd6 Rxd6 27.
exd6 Rd7 28. Bf2 Be4 29. Bxc5 Bd3 30. Rxa6 Bxc4 31. Bf3 Bxa6 0-1

[Event "Trophée Roza Lallemand 2015"]
[Site "SAINT JACUT DE LA MER"]
[Date "2015.06.13"]
[Round "4.2"]
[White "Collas, Silvia"]
[Black "Rollot, Florence"]
[Result "1-0"]
[WhiteElo "2410"]
[BlackElo "1850"]
[PlyCount "60"]
[EventDate "2015.??.??"]

1. c4 Nf6 2. Nc3 c5 3. e4 d6 4. h3 Nc6 5. g3 g6 6. Bg2 Bg7 7. d3 O-O 8. Nge2 a6
9. Be3 Rb8 10. Rc1 b5 11. b3 Qa5 12. Qd2 bxc4 13. dxc4 Nb4 14. O-O Bb7 15. Nf4
Nd7 16. Nfd5 Rfe8 17. f4 Nxd5 18. exd5 Nf6 19. f5 Bc8 20. g4 Nd7 21. Kh1 Ne5
22. Bh6 Bh8 23. Rc2 Bd7 24. Qe3 Qb4 25. Ne4 a5 26. f6 exf6 27. Qg3 f5 28. gxf5
Bxf5 29. Rxf5 a4 30. Nxc5 dxc5 1-0

[Event "Trophée Roza Lallemand 2015"]
[Site "SAINT JACUT DE LA MER"]
[Date "2015.06.13"]
[Round "4.3"]
[White "Chung, Mathilde"]
[Black "Soubirou, Oriane"]
[Result "0-1"]
[WhiteElo "2050"]
[BlackElo "2220"]
[PlyCount "158"]
[EventDate "2015.??.??"]

1. d4 a6 2. g3 e6 3. Bg2 Nf6 4. Nf3 c5 5. c4 cxd4 6. Nxd4 Nc6 7. O-O Bc5 8. Nb3
Be7 9. Nc3 O-O 10. e4 b6 11. Be3 Ne5 12. c5 b5 13. Bd4 Nc6 14. e5 Ne8 15. Ne4
Rb8 16. Nd6 Qc7 17. f4 g6 18. Qd3 Ng7 19. Nd2 f5 20. Nf3 Bb7 21. a3 Ba8 22. b4
Nd8 23. Rfd1 Bc6 24. Be3 Nf7 25. Rac1 h6 26. Qd2 Rfd8 27. Rc3 Bd5 28. Rd3 Bc6
29. Ne1 Ra8 30. Nxf7 Kxf7 31. Bxc6 dxc6 32. Rd7 Rxd7 33. Qxd7 Qxd7 34. Rxd7 Ne8
35. Nf3 a5 36. Nd4 Rc8 37. bxa5 Ng7 38. Nb3 Ke8 39. Rb7 Ra8 40. Rb6 Kd7 41. a6
Ne8 42. Na5 Bd8 43. Rb7+ Nc7 44. a7 Kc8 45. Rb8+ Rxb8 46. axb8=Q+ Kxb8 47.
Nxc6+ Kc8 48. Kf2 Kd7 49. Nb4 Be7 50. Ke2 g5 51. Kd3 g4 52. c6+ Kc8 53. Kc3
Bxb4+ 54. axb4 Nd5+ 55. Kd4 Kc7 56. Bd2 Kxc6 57. Be1 h5 58. Kd3 Ne7 59. Kd4 Ng6
60. Bf2 h4 61. Be1 h3 62. Bf2 Ne7 63. Be1 Nd5 64. Kd3 Nb6 65. Kd4 Nc4 66. Bc3
Na3 67. Bd2 Nc4 68. Bc3 Nb6 69. Bd2 Nd5 70. Kd3 Kc7 71. Kd4 Kb6 72. Kd3 Kc6 73.
Kd4 Nb6 74. Be1 Na4 75. Bd2 Nb2 76. Kc3 Nd1+ 77. Kd4 Nf2 78. Be3 Ne4 79. Bc1
Nxg3 0-1

[Event "Trophée Roza Lallemand 2015"]
[Site "SAINT JACUT DE LA MER"]
[Date "2015.06.13"]
[Round "4.4"]
[White "Genzling, Sylvie"]
[Black "Wohlers-Armas, Friederike"]
[Result "1/2-1/2"]
[WhiteElo "2070"]
[BlackElo "2010"]
[PlyCount "70"]
[EventDate "2015.??.??"]

1. e4 a6 2. d4 b5 3. Bd3 Bb7 4. Ne2 e6 5. O-O c5 6. dxc5 Bxc5 7. Ng3 Ne7 8. a3
Ng6 9. Kh1 O-O 10. f4 Nh4 11. f5 exf5 12. Nxf5 Nxf5 13. Rxf5 Be7 14. Nc3 g6 15.
Rf3 Nc6 16. Bf4 Nd4 17. Rh3 Ne6 18. Bh6 Ng7 19. Qd2 Re8 20. Rf1 Ne6 21. Be3 Bg5
22. Rg3 Bxe3 23. Qxe3 Qh4 24. Rh3 Qg5 25. Qf2 Rf8 26. Ne2 d5 27. exd5 Bxd5 28.
Rg3 Qe5 29. Nc3 Bb7 30. Re1 Qg7 31. Ne4 Bxe4 32. Bxe4 Rad8 33. Bd3 Qxb2 34. Qb6
Nf4 35. Qxb5 axb5 1/2-1/2

[Event "Trophée Roza Lallemand 2015"]
[Site "SAINT JACUT DE LA MER"]
[Date "2015.06.13"]
[Round "4.5"]
[White "Aubert, Laurane"]
[Black "Monpeurt, Cyrielle"]
[Result "0-1"]
[WhiteElo "1930"]
[BlackElo "2370"]
[PlyCount "76"]
[EventDate "2015.??.??"]

1. e4 d5 2. exd5 Nf6 3. Bb5+ Bd7 4. Bc4 Bg4 5. f3 Bc8 6. Bb5+ Nbd7 7. Nc3 a6 8.
Ba4 b5 9. Bb3 Nb6 10. d4 Nfxd5 11. Ne4 e6 12. Ne2 Be7 13. O-O O-O 14. c3 Bb7
15. Bc2 Nc4 16. Qd3 f5 17. N4g3 c5 18. b3 Ncb6 19. dxc5 Bxc5+ 20. Kh1 Qh4 21.
Nd4 Rfe8 22. Bd2 Rad8 23. Rae1 Bd6 24. Nde2 Bb8 25. f4 Nb4 26. Qe3 N6d5 27.
cxb4 Nxe3 28. Bxe3 Rd7 29. Rd1 Red8 30. Rxd7 Rxd7 31. Nd4 Qe7 32. Nf3 Qd8 33.
Ne5 Bxe5 34. fxe5 Qc7 35. Rf2 Qc6 36. Bb1 Rd1+ 37. Nf1 Rxf1+ 38. Rxf1 Qxg2# 0-1

[Event "Trophée Roza Lallemand 2015"]
[Site "SAINT JACUT DE LA MER"]
[Date "2015.06.13"]
[Round "5.6"]
[White "Bellahcene, Meriem"]
[Black "Roumegous, Marina"]
[Result "0-1"]
[WhiteElo "1900"]
[BlackElo "2190"]
[PlyCount "76"]
[EventDate "2015.??.??"]

1. e4 c6 2. d4 d5 3. Nc3 dxe4 4. Nxe4 Nd7 5. Nf3 Ngf6 6. Ng3 Qc7 7. Bc4 e6 8.
O-O Bd6 9. Re1 O-O 10. c3 Re8 11. Qc2 b6 12. Bg5 Bb7 13. Ne4 Nxe4 14. Rxe4 c5
15. Rh4 Nf8 16. Qd3 Ng6 17. Rh3 a6 18. dxc5 Bxc5 19. b4 Be7 20. Bxe7 Rxe7 21.
Ng5 h6 22. Bxe6 hxg5 23. Bxf7+ Rxf7 24. Qxg6 Rf6 25. Qxg5 Raf8 26. f3 Qxc3 27.
Rb1 Re6 28. Qh4 Rh6 29. Qg4 Bc8 30. Qg5 Bxh3 31. gxh3 Qd3 32. Rb3 Qg6 33. h4
Qf7 34. Kf2 Rg6 35. Qe5 Re8 36. Qc3 Qe6 37. Rb2 b5 38. Qd3 Qe1# 0-1